000 03089nam0a2200457 4500
001 RU\NLR\BIBL_A\011105759
005 20260407135757.0
020 _aRU
_9От Февраля к Октябрю: коллекция листовок/Рос. нац. б-ка
035 _a(NLR Aleph) 011105759
090 _a11446086
_c11446086
100 _a20160421d1917 |||y0rusy50 ca
101 0 _arus
102 _aRU
105 _ay z 000yy
135 _acrcn 024apada
200 1 _aСписок N° 6. Голосуйте за список N° 6 по Харьковской губернии. К русскому крестьянству
_e[листовка]
210 _aБогодухов (Харьковская губ.)
_cтип. Ткаченко и Алексеева
_d[1917, сентябрь - октябрь]
215 _a[1] л.
_d35x43
300 _aКоллекция листовок "От Февраля к Октябрю" (1 экз.)
300 _aВ конце текста: Голосуйте на выборах в Учредительное собрание за Партию народной свободы
325 1 _aКопия доступна в Электронной библиотеке РНБ
327 1 _aПризыв к русскому крестьянству голосовать за кандидатов Партии народной свободы на выборах в Учредительное собрание
517 1 _aГолосуйте за список N° 6 по Харьковской губернии. К русскому крестьянству
517 1 _aК русскому крестьянству
540 1 _aПризыв к русскому крестьянству голосовать за кандидатов Партии народной свободы на выборах в Учредительное собрание
540 1 _aГолосуйте на выборах в Учредительное собрание за Партию народной свободы
540 1 _aОт Февраля к Октябрю
_eлистовки
601 0 2 _aВсероссийское учредительное собрание
_jЛистовки
_xВыборы
_xУчастие политических партий
_z1917
_92277565
_3RU\NLR\AUTH\6601593222
607 _aРоссия
_jЛистовки
_xИстория
_z1917
_92250871
_3RU\NLR\AUTH\661350120
686 0 _aТ3(2)524.2,011
686 0 _aТ3(2)711.29-310,011
686 1 _aФ69(2)411.4,011
712 0 2 _4570
_aКонституционно-демократическая партия
_3RU\NLR\AUTH\8810004385
_9506071
712 0 2 _4570
_aВсероссийское учредительное собрание
_c1918
_3RU\NLR\AUTH\8810361
_9293323
852 0 0 _aNLR
_bФл
_jXIII/134
942 _cBOOK
980 _aNB
981 4 2 _a(42) 1917: от Февраля к Октябрю
_b(42) Листовки 1917 года